[Event "Brasilia CBX/FBX"]
[Site "Brasilia"]
[Date "2016.10.28"]
[Round "3"]
[White "Lucena, Lincoln"]
[Black "Cubas, Jose Fernando"]
[Result "0-1"]
[WhiteElo "2127"]
[BlackElo "2466"]
[PlyCount "120"]
[EventDate "2016.10.26"]
[EventType "tourn"]
[EventRounds "9"]
[EventCountry "BRA"]
[EventCategory "2"]
[SourceTitle "CBM 175 Extra"]
[Source "ChessBase"]
[SourceDate "2016.12.12"]
[SourceVersion "1"]
[SourceVersionDate "2016.12.12"]
[SourceQuality "1"]

1. Nf3 Nf6 2. d4 g6 3. g3 Bg7 4. Bg2 O-O 5. O-O d6 6. c4 Nc6 7. Nc3 a6 8. e4
Bg4 9. Be3 Nd7 10. h3 Bxf3 11. Bxf3 e5 12. d5 Nd4 13. Bg2 c5 14. dxc6 bxc6 15.
f4 Rb8 16. b3 Nc5 17. f5 a5 18. Rb1 Bf6 19. Qd2 Kh8 20. g4 gxf5 21. exf5 Rg8
22. Ne2 Qb6 23. Kh1 Nxe2 24. Qxe2 Bg5 25. Bxg5 Rxg5 26. Qd2 Qd8 27. Rbd1 h5 28.
Qxd6 Qxd6 29. Rxd6 hxg4 30. Bxc6 Rh5 31. Rfd1 Kg7 32. Kg1 Rxf5 33. hxg4 Rf4 34.
R1d2 Rb6 35. Bg2 Rxd6 36. Rxd6 Rxg4 37. Kf2 e4 38. Bf1 Rf4+ 39. Ke1 e3 40. Rd5
Ne6 41. c5 Rf2 42. Rd3 Nxc5 43. Rxe3 Rxa2 44. Bc4 f6 45. Re7+ Kh6 46. Re2 Ra1+
47. Kd2 Kg5 48. Kc3 f5 49. Kb2 Rd1 50. Re5 Nd3+ 51. Bxd3 Rxd3 52. Rxa5 Kg4 53.
Kc2 Rd7 54. b4 f4 55. Kc3 f3 56. Ra2 Rc7+ 57. Kd4 Kg3 58. b5 f2 59. Rxf2 Kxf2
60. b6 Rc6 0-1

[Event "Brasilia CBX/FBX"]
[Site "Brasilia"]
[Date "2016.10.29"]
[Round "4"]
[White "Rodi, Luis Ernesto"]
[Black "Cubas, Jose Fernando"]
[Result "0-1"]
[WhiteElo "2315"]
[BlackElo "2466"]
[PlyCount "80"]
[EventDate "2016.10.26"]
[EventType "tourn"]
[EventRounds "9"]
[EventCountry "BRA"]
[EventCategory "2"]
[SourceTitle "CBM 175 Extra"]
[Source "ChessBase"]
[SourceDate "2016.12.12"]
[SourceVersion "1"]
[SourceVersionDate "2016.12.12"]
[SourceQuality "1"]

1. e4 c5 2. Nf3 d6 3. Bb5+ Bd7 4. Bxd7+ Qxd7 5. c4 Nc6 6. d4 cxd4 7. Nxd4 g6 8.
b3 Bg7 9. Bb2 Nf6 10. Nc3 O-O 11. O-O e6 12. Rc1 Rfd8 13. Nxc6 Qxc6 14. f3 a6
15. Qd2 Qc5+ 16. Kh1 Qh5 17. Qf4 Nd7 18. g4 Qa5 19. Rc2 b5 20. cxb5 axb5 21.
Qe3 Nc5 22. Rfc1 b4 23. Ne2 e5 24. Ba1 Qb5 25. Rd1 h6 26. Qd2 Rd7 27. Rc4 Rb7
28. Nc1 Kh7 29. Qc2 Rb6 30. Rd5 Qa6 31. Rd2 Rb5 32. Kg2 Bf6 33. f4 Ne6 34. Nd3
Qb7 35. f5 gxf5 36. gxf5 Nd4 37. Rxd4 exd4 38. Nf2 d3 39. Qd1 Rxf5 40. Kg1 Rg8+
0-1

[Event "Brasilia CBX/FBX"]
[Site "Brasilia"]
[Date "2016.10.29"]
[Round "5"]
[White "Cubas, Jose Fernando"]
[Black "Dimitrijevic, Darko"]
[Result "1-0"]
[WhiteElo "2466"]
[BlackElo "2237"]
[PlyCount "47"]
[EventDate "2016.10.26"]
[EventType "tourn"]
[EventRounds "9"]
[EventCountry "BRA"]
[EventCategory "2"]
[SourceTitle "CBM 175 Extra"]
[Source "ChessBase"]
[SourceDate "2016.12.12"]
[SourceVersion "1"]
[SourceVersionDate "2016.12.12"]
[SourceQuality "1"]

1. e4 c5 2. Nf3 e6 3. g3 Nf6 4. e5 Nd5 5. Nc3 Nxc3 6. dxc3 b6 7. Bg2 Bb7 8. Bf4
Be7 9. O-O Qc7 10. h4 Bxf3 11. Qxf3 Nc6 12. Rad1 O-O 13. Rd2 Rab8 14. Rfd1 Rfd8
15. c4 h6 16. c3 Bf8 17. Qe4 g6 18. Qe3 Kh7 19. Be4 Bg7 20. h5 Nxe5 21. hxg6+
fxg6 22. Rd6 Nf7 23. Bc2 e5 24. Bxg6+ 1-0

[Event "Brasilia CBX/FBX"]
[Site "Brasilia"]
[Date "2016.10.30"]
[Round "6"]
[White "Valle, Adriano"]
[Black "Cubas, Jose Fernando"]
[Result "1/2-1/2"]
[WhiteElo "2286"]
[BlackElo "2466"]
[PlyCount "95"]
[EventDate "2016.10.26"]
[EventType "tourn"]
[EventRounds "9"]
[EventCountry "BRA"]
[EventCategory "2"]
[SourceTitle "CBM 175 Extra"]
[Source "ChessBase"]
[SourceDate "2016.12.12"]
[SourceVersion "1"]
[SourceVersionDate "2016.12.12"]
[SourceQuality "1"]

1. d4 Nf6 2. Nf3 g6 3. c4 Bg7 4. Nc3 d5 5. cxd5 Nxd5 6. e4 Nxc3 7. bxc3 c5 8.
Rb1 O-O 9. Be2 b6 10. O-O Bb7 11. Qd3 Qd7 12. Rd1 Ba6 13. Qc2 cxd4 14. Bxa6
Nxa6 15. cxd4 Rac8 16. Qb3 Qb7 17. Bg5 h6 18. Bh4 g5 19. Bg3 Qxe4 20. h4 gxh4
21. Bxh4 e6 22. Re1 Qc2 23. Qa3 Nc7 24. Rbc1 Nb5 25. Qa6 Qxc1 26. Rxc1 Rxc1+
27. Kh2 Nxd4 28. Nxd4 Bxd4 29. Qa3 Be5+ 30. Bg3 Rc3 31. Qxa7 Bxg3+ 32. fxg3 Rc2
33. Qxb6 Rxa2 34. Qe3 Rd8 35. Qxh6 Rd5 36. g4 Raa5 37. Qf4 Kg7 38. Kh3 Ra8 39.
g5 Raa5 40. Qf6+ Kf8 41. g6 Rh5+ 42. Kg4 Raf5 43. Qd8+ Kg7 44. gxf7 Kxf7 45.
Qd7+ Kf6 46. Qd8+ Ke5 47. g3 Ke4 48. Qd4+ 1/2-1/2

[Event "Brasilia CBX/FBX"]
[Site "Brasilia"]
[Date "2016.10.30"]
[Round "7"]
[White "Cubas, Jose Fernando"]
[Black "Gisclan, Heverton"]
[Result "1-0"]
[WhiteElo "2466"]
[BlackElo "2205"]
[PlyCount "77"]
[EventDate "2016.10.26"]
[EventType "tourn"]
[EventRounds "9"]
[EventCountry "BRA"]
[EventCategory "2"]
[SourceTitle "CBM 175 Extra"]
[Source "ChessBase"]
[SourceDate "2016.12.12"]
[SourceVersion "1"]
[SourceVersionDate "2016.12.12"]
[SourceQuality "1"]

1. e4 e5 2. Nf3 Nc6 3. Bb5 Nf6 4. O-O Nxe4 5. Re1 Nd6 6. Nxe5 Nxe5 7. Rxe5+ Be7
8. Bd3 O-O 9. Nc3 Bf6 10. Re3 g6 11. Nd5 Bg7 12. Ne7+ Kh8 13. c3 Re8 14. Qe1
Bf6 15. Nd5 Bg7 16. Bc2 c6 17. Ne7 Bf8 18. Nxc8 Rxc8 19. d4 Qf6 20. Re5 Bg7 21.
f4 Qd8 22. Qf1 f5 23. Bd2 Ne4 24. Bxe4 fxe4 25. Rxe8+ Qxe8 26. f5 gxf5 27. Qxf5
e3 28. Be1 Qe7 29. Bg3 Rf8 30. Qd3 d6 31. Re1 Bh6 32. a4 Bg5 33. b4 h5 34. Qg6
h4 35. Qh5+ Kg7 36. Bxd6 e2 37. Qxe2 Qxd6 38. b5 Qf4 39. bxc6 1-0

[Event "Brasilia CBX/FBX"]
[Site "Brasilia"]
[Date "2016.11.01"]
[Round "9"]
[White "Cubas, Jose Fernando"]
[Black "Nascimento, Davi da Silva"]
[Result "0-1"]
[WhiteElo "2466"]
[BlackElo "2117"]
[PlyCount "150"]
[EventDate "2016.10.26"]
[EventType "tourn"]
[EventRounds "9"]
[EventCountry "BRA"]
[EventCategory "2"]
[SourceTitle "CBM 175 Extra"]
[Source "ChessBase"]
[SourceDate "2016.12.12"]
[SourceVersion "1"]
[SourceVersionDate "2016.12.12"]
[SourceQuality "1"]

1. e4 e6 2. d4 d5 3. Nd2 c5 4. Ngf3 Nf6 5. e5 Ne4 6. c3 Nxd2 7. Bxd2 Qb6 8. Bd3
h6 9. O-O Be7 10. dxc5 Qxc5 11. Nd4 a6 12. Qg4 Bf8 13. Qh5 Nc6 14. b4 Qe7 15.
Nxc6 bxc6 16. Be3 g6 17. Qe2 Qc7 18. Bd4 c5 19. bxc5 Bxc5 20. Rac1 Kf8 21. Qe3
Bxd4 22. cxd4 Qe7 23. Rc6 Bb7 24. Rb6 Kg7 25. Rfb1 Ra7 26. h4 h5 27. Qf4 Bc8
28. Rc6 Bb7 29. Rc5 Re8 30. a4 a5 31. Bb5 Rc8 32. Rbc1 Raa8 33. Be2 Rxc5 34.
Rxc5 Kh7 35. Qc1 Kg8 36. Rc7 Qb4 37. Bxh5 Qb6 38. Be2 Ba6 39. Rc6 Qb7 40. Bxa6
Rxa6 41. Rc8+ Kg7 42. Qc5 Qb4 43. Qc1 Qe7 44. h5 Ra7 45. Qf4 Rb7 46. g4 Qh4 47.
h6+ Kh7 48. Kg2 g5 49. Qf3 Qxh6 50. Ra8 Kg7 51. Qa3 Rb4 52. Qd3 Rxa4 53. Qc3
Rc4 54. Qa3 Rb4 55. Qd3 Qg6 56. Qf3 Qe4 57. Qxe4 dxe4 58. d5 exd5 59. Rxa5 d4
60. Rd5 Kf8 61. Kf1 Ke7 62. Rd6 Rb1+ 63. Ke2 Rb2+ 64. Ke1 d3 65. Rf6 Re2+ 66.
Kf1 e3 67. fxe3 Rxe3 68. Rd6 Re4 69. Rxd3 Rxg4 70. Ra3 Rf4+ 71. Kg2 Ke6 72. Ra5
Rf5 73. Kg3 Rxe5 74. Ra6+ Kf5 75. Ra3 f6 0-1

[Event "PAR-ch"]
[Site "Asuncion"]
[Date "2016.12.05"]
[Round "1"]
[White "Del Puerto, Rodrigo"]
[Black "Cubas, Jose Fernando"]
[Result "1/2-1/2"]
[WhiteElo "2163"]
[BlackElo "2469"]
[PlyCount "121"]
[EventDate "2016.12.05"]
[EventType "tourn"]
[EventRounds "9"]
[EventCountry "PAR"]
[EventCategory "5"]
[SourceTitle "CBM 176 Extra"]
[Source "ChessBase"]
[SourceDate "2017.03.02"]
[SourceVersion "1"]
[SourceVersionDate "2017.03.02"]
[SourceQuality "1"]

1. c4 Nf6 2. g3 g6 3. Bg2 Bg7 4. Nc3 O-O 5. d3 c5 6. e4 Nc6 7. Nge2 Ne8 8. Be3
Nd4 9. O-O d6 10. f4 Rb8 11. Rb1 Nc7 12. b4 Nce6 13. f5 Nxe2+ 14. Nxe2 Nd4 15.
g4 e6 16. Nxd4 cxd4 17. Bf4 b5 18. c5 e5 19. Bd2 dxc5 20. bxc5 Bd7 21. g5 f6
22. fxg6 hxg6 23. Qb3+ Kh7 24. Rbc1 Rc8 25. gxf6 Rxf6 26. Rxf6 Qxf6 27. Qd5 Rc7
28. Rf1 Qa6 29. Rf7 Be6 30. Rxc7 Bxd5 31. exd5 Qxa2 32. Bg5 Qa5 33. Rf7 b4 34.
Bf6 b3 35. Rxg7+ Kh6 36. Rg8 Qe1+ 37. Bf1 Kh5 38. Rh8+ Kg4 39. Bh4 Qe3+ 40. Bf2
Qg5 41. Bg3 b2 42. Bh3+ Kf3 43. Rf8+ Qf4 44. Bxf4 b1=Q+ 45. Bc1+ Ke2 46. Bf1+
Ke1 47. Bg5 Qb4 48. Rc8 e4 49. d6 Qb5 50. Rc7 e3 51. d7 e2 52. Bh4+ Kd2 53.
d8=Q exf1=Q+ 54. Kxf1 Qxd3+ 55. Kg1 Qb1+ 56. Kg2 Qe4+ 57. Kg1 Qb1+ 58. Kf2 Qf5+
59. Kg3 Qd3+ 60. Kg2 Qe4+ 61. Kg3 1/2-1/2

[Event "PAR-ch"]
[Site "Asuncion"]
[Date "2016.12.06"]
[Round "2"]
[White "Cubas, Jose Fernando"]
[Black "Valiente, Cristobal"]
[Result "1-0"]
[WhiteElo "2469"]
[BlackElo "2220"]
[PlyCount "63"]
[EventDate "2016.12.05"]
[EventType "tourn"]
[EventRounds "9"]
[EventCountry "PAR"]
[EventCategory "5"]
[SourceTitle "CBM 176 Extra"]
[Source "ChessBase"]
[SourceDate "2017.03.02"]
[SourceVersion "1"]
[SourceVersionDate "2017.03.02"]
[SourceQuality "1"]

1. e4 g6 2. d4 Bg7 3. Nc3 d6 4. f4 a6 5. Nf3 b5 6. Bd3 e6 7. O-O Ne7 8. Qe1
Nbc6 9. Ne2 O-O 10. c3 Rb8 11. Bd2 Na5 12. b3 c5 13. Rc1 Nac6 14. Be3 cxd4 15.
Nexd4 f5 16. exf5 gxf5 17. c4 Nxd4 18. Bxd4 Bxd4+ 19. Nxd4 Qb6 20. Qe3 Rf6 21.
Rfe1 Bd7 22. Rc2 Rg6 23. Rce2 Nc6 24. Nxe6 Bxe6 25. Qxb6 Rxb6 26. Rxe6 Nd4 27.
Re8+ Kg7 28. R1e7+ Kh6 29. Rf8 bxc4 30. Rff7 Kh5 31. Rxh7+ Kg4 32. g3 1-0

[Event "PAR-ch"]
[Site "Asuncion"]
[Date "2016.12.08"]
[Round "4"]
[White "Cubas, Jose Fernando"]
[Black "Zacarias, M Ruben D"]
[Result "1/2-1/2"]
[WhiteElo "2469"]
[BlackElo "2187"]
[PlyCount "108"]
[EventDate "2016.12.05"]
[EventType "tourn"]
[EventRounds "9"]
[EventCountry "PAR"]
[EventCategory "5"]
[SourceTitle "CBM 176 Extra"]
[Source "ChessBase"]
[SourceDate "2017.03.02"]
[SourceVersion "1"]
[SourceVersionDate "2017.03.02"]
[SourceQuality "1"]

1. e4 c5 2. Nf3 d6 3. Bb5+ Nc6 4. d4 cxd4 5. Qxd4 Bd7 6. Bxc6 Bxc6 7. Nc3 Nf6
8. Bg5 e6 9. O-O-O Be7 10. Qd3 O-O 11. Nd4 h6 12. Bh4 d5 13. e5 Nd7 14. Bxe7
Qxe7 15. f4 f6 16. exf6 Qxf6 17. Rhf1 e5 18. fxe5 Nxe5 19. Qe2 Qg5+ 20. Kb1
Rxf1 21. Rxf1 Nc4 22. Rf5 Qe3 23. Qxe3 Nxe3 24. Re5 Rf8 25. a4 Ng4 26. Re6 Rf6
27. Rxf6 Nxf6 28. b4 a6 29. Kb2 Bd7 30. Kb3 Kf7 31. a5 Ke7 32. b5 Kd6 33. Kb4
Ng4 34. h3 Ne3 35. g4 g6 36. Na4 h5 37. gxh5 gxh5 38. Nc5 Bc8 39. h4 Nc4 40.
Nd3 Ne3 41. Nc5 Nc4 42. Na4 Ne3 43. Nb6 Bh3 44. c4 dxc4 45. Nxc4+ Nxc4 46. Kxc4
Bf1+ 47. Kb4 Bxb5 48. Nxb5+ axb5 49. Kxb5 Kc7 50. Kc5 Kb8 51. Kd6 Ka7 52. Kc5
Ka6 53. Kb4 b6 54. axb6 Kxb6 1/2-1/2

[Event "PAR-ch"]
[Site "Asuncion"]
[Date "2016.12.08"]
[Round "5"]
[White "Latorre Lopez Moreira, Luis Matias"]
[Black "Cubas, Jose Fernando"]
[Result "1-0"]
[WhiteElo "2354"]
[BlackElo "2469"]
[PlyCount "21"]
[EventDate "2016.12.05"]
[EventType "tourn"]
[EventRounds "9"]
[EventCountry "PAR"]
[EventCategory "5"]
[SourceTitle "CBM 176 Extra"]
[Source "ChessBase"]
[SourceDate "2017.03.02"]
[SourceVersion "1"]
[SourceVersionDate "2017.03.02"]
[SourceQuality "1"]

1. d4 Nf6 2. c4 c6 3. Nc3 d5 4. cxd5 cxd5 5. Bf4 Nc6 6. e3 Bg4 7. Qb3 Qd7 8. h3
Na5 9. Qb5 Qxb5 10. Nxb5 Bh5 11. g4 1-0

[Event "PAR-ch"]
[Site "Asuncion"]
[Date "2016.12.09"]
[Round "6"]
[White "Cubas, Jose Fernando"]
[Black "Franco Ocampos, Zenon"]
[Result "1-0"]
[WhiteElo "2469"]
[BlackElo "2507"]
[PlyCount "39"]
[EventDate "2016.12.05"]
[EventType "tourn"]
[EventRounds "9"]
[EventCountry "PAR"]
[EventCategory "5"]
[SourceTitle "CBM 176 Extra"]
[Source "ChessBase"]
[SourceDate "2017.03.02"]
[SourceVersion "1"]
[SourceVersionDate "2017.03.02"]
[SourceQuality "1"]

1. e4 c5 2. Nf3 Nc6 3. d4 cxd4 4. Nxd4 e6 5. Nc3 Qc7 6. Be3 a6 7. Qf3 b5 8.
Nxc6 Qxc6 9. Bd3 Bb7 10. Bd4 Nf6 11. O-O Be7 12. a3 d6 13. Qh3 O-O 14. Bxf6
gxf6 15. Nd5 Bd8 16. Qh6 f5 17. Rae1 f6 18. Re3 Rf7 19. Rg3+ Kh8 20. Nf4 1-0

[Event "PAR-ch"]
[Site "Asuncion"]
[Date "2016.12.10"]
[Round "7"]
[White "Jodorcovsky Werjivker, Paulo"]
[Black "Cubas, Jose Fernando"]
[Result "0-1"]
[WhiteElo "2217"]
[BlackElo "2469"]
[PlyCount "126"]
[EventDate "2016.12.05"]
[EventType "tourn"]
[EventRounds "9"]
[EventCountry "PAR"]
[EventCategory "5"]
[SourceTitle "CBM 176 Extra"]
[Source "ChessBase"]
[SourceDate "2017.03.02"]
[SourceVersion "1"]
[SourceVersionDate "2017.03.02"]
[SourceQuality "1"]

1. d4 Nf6 2. c4 g6 3. Nc3 Bg7 4. Nf3 O-O 5. Bf4 d6 6. e3 Nbd7 7. Be2 b6 8. O-O
Bb7 9. Qc2 e6 10. h3 Qe7 11. Rfe1 Nh5 12. Bh2 f5 13. Nd2 f4 14. Bf3 Bxf3 15.
Nxf3 fxe3 16. Rxe3 Bh6 17. Ree1 Qf7 18. Qe4 Rae8 19. Qc6 Nb8 20. Qe4 Qd7 21.
Rad1 Nc6 22. Re2 Nd8 23. Rde1 Re7 24. Qg4 Ref7 25. Qe4 Rf5 26. Nd1 Bf4 27. Ne3
Bxh2+ 28. Nxh2 Rf4 29. Qd3 Qg7 30. Nc2 R4f5 31. g3 g5 32. Ne3 R5f7 33. Neg4 Nf6
34. Nxf6+ Rxf6 35. Ng4 Rf3 36. Qe4 h5 37. Nh2 R3f5 38. h4 g4 39. Rd2 Qf7 40.
Ree2 e5 41. d5 a5 42. a3 a4 43. Qc2 Qd7 44. Nf1 Nb7 45. Ne3 R5f6 46. Nd1 Nc5
47. Nc3 Nb3 48. Ne4 Rf5 49. Ng5 Rxg5 50. hxg5 Nxd2 51. Rxd2 Kg7 52. b3 axb3 53.
Qxb3 Qf5 54. c5 Qxg5 55. Rc2 bxc5 56. a4 h4 57. a5 hxg3 58. a6 Qh5 59. Qxg3 Rf3
60. Qg2 Ra3 61. Qf1 Qh3 62. Qc1 g3 63. Qg5+ Kf7 0-1

[Event "PAR-ch"]
[Site "Asuncion"]
[Date "2016.12.11"]
[Round "8"]
[White "Cubas, Jose Fernando"]
[Black "Villalba, Marcelo"]
[Result "1-0"]
[WhiteElo "2469"]
[BlackElo "2255"]
[PlyCount "37"]
[EventDate "2016.12.05"]
[EventType "tourn"]
[EventRounds "9"]
[EventCountry "PAR"]
[EventCategory "5"]
[SourceTitle "CBM 176 Extra"]
[Source "ChessBase"]
[SourceDate "2017.03.02"]
[SourceVersion "1"]
[SourceVersionDate "2017.03.02"]
[SourceQuality "1"]

1. e4 d5 2. exd5 Qxd5 3. Nc3 Qd6 4. d4 Nf6 5. Nf3 c6 6. Ne5 Nbd7 7. f4 Nb6 8.
g4 Nbd5 9. g5 Nxc3 10. bxc3 Nd7 11. Bc4 Nxe5 12. fxe5 Qg6 13. O-O Bf5 14. Rb1
Rb8 15. Qf3 e6 16. Rxb7 Rc8 17. Bd3 Bxd3 18. cxd3 Be7 19. h4 1-0

[Event "PAR-ch"]
[Site "Asuncion"]
[Date "2016.12.12"]
[Round "9"]
[White "Bachmann, Axel"]
[Black "Cubas, Jose Fernando"]
[Result "1/2-1/2"]
[WhiteElo "2620"]
[BlackElo "2469"]
[PlyCount "25"]
[EventDate "2016.12.05"]
[EventType "tourn"]
[EventRounds "9"]
[EventCountry "PAR"]
[EventCategory "5"]
[SourceTitle "CBM 176 Extra"]
[Source "ChessBase"]
[SourceDate "2017.03.02"]
[SourceVersion "1"]
[SourceVersionDate "2017.03.02"]
[SourceQuality "1"]

1. d4 Nf6 2. Nf3 g6 3. Bf4 d6 4. c3 Bg7 5. h3 b6 6. Nbd2 Bb7 7. e3 O-O 8. Be2
Nbd7 9. O-O c5 10. Bh2 a6 11. a4 Rb8 12. Bd3 cxd4 13. cxd4 1/2-1/2

[Event "Brasilia Terraviva op"]
[Site "Brasilia"]
[Date "2017.01.06"]
[Round "1"]
[White "De Moura, Valderi Nascimento"]
[Black "Cubas, Jose Fernando"]
[Result "0-1"]
[WhiteElo "1738"]
[BlackElo "2469"]
[PlyCount "82"]
[EventDate "2017.01.06"]
[EventType "swiss"]
[EventRounds "6"]
[EventCountry "BRA"]
[SourceTitle "CBM 176 Extra"]
[Source "ChessBase"]
[SourceDate "2017.03.02"]
[SourceVersion "1"]
[SourceVersionDate "2017.03.02"]
[SourceQuality "1"]

1. e4 c5 2. Nf3 Nc6 3. Be2 Nf6 4. Nc3 d5 5. exd5 Nxd5 6. Nxd5 Qxd5 7. c4 Qd6 8.
O-O g6 9. d3 Bg7 10. a3 O-O 11. Qc2 h6 12. Be3 g5 13. Rfd1 g4 14. Nd2 Nd4 15.
Bxd4 Bxd4 16. Nb3 Be5 17. g3 b6 18. Bf1 Bf5 19. Nd2 Rad8 20. Ne4 Qd4 21. Rab1
Rd7 22. Bg2 Rfd8 23. Qe2 Bg7 24. b4 cxb4 25. axb4 Bh7 26. c5 Bxe4 27. Bxe4 bxc5
28. Qxg4 cxb4 29. Rxb4 Qd6 30. Rc4 e6 31. Bg2 Qa3 32. Bf1 Rd4 33. Qe2 a5 34.
Qc2 a4 35. Rb1 Rxc4 36. dxc4 Bd4 37. Rb5 Qc3 38. Qxa4 Qd2 39. Kg2 Qxf2+ 40. Kh3
Qxf1+ 41. Kh4 Bf6+ 0-1

[Event "Brasilia Terraviva op"]
[Site "Brasilia"]
[Date "2017.01.06"]
[Round "2"]
[White "Cubas, Jose Fernando"]
[Black "De Arruda Filho, Nivaldo Jesus"]
[Result "1-0"]
[WhiteElo "2469"]
[BlackElo "1951"]
[PlyCount "69"]
[EventDate "2017.01.06"]
[EventType "swiss"]
[EventRounds "6"]
[EventCountry "BRA"]
[SourceTitle "CBM 176 Extra"]
[Source "ChessBase"]
[SourceDate "2017.03.02"]
[SourceVersion "1"]
[SourceVersionDate "2017.03.02"]
[SourceQuality "1"]

1. e4 e6 2. d4 d5 3. Nc3 Nf6 4. e5 Ne4 5. Nce2 f6 6. f3 Ng5 7. exf6 Qxf6 8. Be3
Nf7 9. Qd2 Nd7 10. Nh3 Nb6 11. Nc3 Bd7 12. Nb5 Bxb5 13. Bxb5+ c6 14. Be2 Bd6
15. O-O-O O-O-O 16. f4 Bc7 17. Nf2 Nd6 18. b3 Ne4 19. Nxe4 dxe4 20. c4 Rhf8 21.
g3 Kb8 22. Qc2 Qf5 23. Bf1 g5 24. Bg2 gxf4 25. Bxe4 Qg4 26. gxf4 Bxf4 27. Bxf4+
Rxf4 28. Bxh7 Rfxd4 29. Rxd4 Qxd4 30. Kb1 Qf4 31. h4 Rd2 32. Qc3 Nd7 33. h5 Nf6
34. Bc2 Ne4 35. Qh8+ 1-0

[Event "Brasilia Terraviva op"]
[Site "Brasilia"]
[Date "2017.01.07"]
[Round "3"]
[White "Miguel, Gabriel Carvalho Mo"]
[Black "Cubas, Jose Fernando"]
[Result "0-1"]
[WhiteElo "2164"]
[BlackElo "2469"]
[PlyCount "72"]
[EventDate "2017.01.06"]
[EventType "swiss"]
[EventRounds "6"]
[EventCountry "BRA"]
[SourceTitle "CBM 176 Extra"]
[Source "ChessBase"]
[SourceDate "2017.03.02"]
[SourceVersion "1"]
[SourceVersionDate "2017.03.02"]
[SourceQuality "1"]

1. e4 c5 2. Nf3 d6 3. Bb5+ Nd7 4. O-O Ngf6 5. Re1 a6 6. Bd3 b5 7. c4 b4 8. a3
bxa3 9. Rxa3 e6 10. Bc2 Bb7 11. Nc3 Be7 12. Ra1 Rc8 13. b3 O-O 14. d4 cxd4 15.
Nxd4 Qc7 16. Bb2 Rfe8 17. f4 e5 18. Nf5 Bf8 19. Nd5 Nxd5 20. exd5 g6 21. fxe5
Nxe5 22. Kh1 gxf5 23. Bxf5 Rcd8 24. Re3 Bc8 25. Rg3+ Bg7 26. Bxc8 Rxc8 27. Qh5
Qe7 28. Rh3 h6 29. Rf1 Qg5 30. Qd1 Re7 31. Rg3 Qh4 32. Bxe5 Rxe5 33. Qf3 f5 34.
Rg6 Rce8 35. g3 Qh3 36. Rxd6 Re1 0-1

[Event "Brasilia Terraviva op"]
[Site "Brasilia"]
[Date "2017.01.07"]
[Round "4"]
[White "Cubas, Jose Fernando"]
[Black "Barbosa, Evandro Amorim"]
[Result "1/2-1/2"]
[WhiteElo "2469"]
[BlackElo "2496"]
[PlyCount "63"]
[EventDate "2017.01.06"]
[EventType "swiss"]
[EventRounds "6"]
[EventCountry "BRA"]
[SourceTitle "CBM 176 Extra"]
[Source "ChessBase"]
[SourceDate "2017.03.02"]
[SourceVersion "1"]
[SourceVersionDate "2017.03.02"]
[SourceQuality "1"]

1. e4 c5 2. Nf3 e6 3. d4 cxd4 4. Nxd4 Nc6 5. Nc3 Qc7 6. Be3 a6 7. Qf3 Bd6 8.
O-O-O Be5 9. g3 Nf6 10. Qe2 d6 11. Bg2 O-O 12. f4 Bxd4 13. Bxd4 Nxd4 14. Rxd4
e5 15. Rd2 Be6 16. Rhd1 Rfd8 17. Qd3 Qa5 18. fxe5 Qxe5 19. Qd4 Rd7 20. Qb6 Bg4
21. Rf1 Rc8 22. Nd5 Nxd5 23. Rxd5 Qe7 24. Kb1 Rdc7 25. Rc1 Rc6 26. Qb4 Be6 27.
Rd2 Qc7 28. Qd4 Rb6 29. Rd3 Rc6 30. Rd2 Rb6 31. Rd3 Rc6 32. Rd2 1/2-1/2

[Event "Brasilia Terraviva op"]
[Site "Brasilia"]
[Date "2017.01.08"]
[Round "5"]
[White "Tsuboi, Edson Kenji"]
[Black "Cubas, Jose Fernando"]
[Result "0-1"]
[WhiteElo "2257"]
[BlackElo "2469"]
[PlyCount "68"]
[EventDate "2017.01.06"]
[EventType "swiss"]
[EventRounds "6"]
[EventCountry "BRA"]
[SourceTitle "CBM 176 Extra"]
[Source "ChessBase"]
[SourceDate "2017.03.02"]
[SourceVersion "1"]
[SourceVersionDate "2017.03.02"]
[SourceQuality "1"]

1. c4 Nf6 2. g3 g6 3. Bg2 Bg7 4. Nc3 O-O 5. e4 d6 6. Nge2 c5 7. O-O Nc6 8. d3
a6 9. h3 Rb8 10. a4 Ne8 11. Rb1 Nc7 12. Nd5 b5 13. axb5 axb5 14. cxb5 Nxb5 15.
Bg5 h6 16. Bd2 Kh7 17. Bc3 Ncd4 18. Ndf4 Nxe2+ 19. Nxe2 Nxc3 20. bxc3 Bd7 21.
Rxb8 Qxb8 22. Qc2 Qc7 23. Rb1 Ra8 24. h4 Ra3 25. Bf3 h5 26. Kg2 Qa7 27. Rb2 Bc8
28. Rb1 Qa8 29. Rc1 Ba6 30. c4 Bc8 31. Nf4 Bf5 32. Qe2 Qa5 33. Qc2 Ra2 34. Qb3
Qd2 0-1

[Event "Brasilia Terraviva op"]
[Site "Brasilia"]
[Date "2017.01.08"]
[Round "6"]
[White "Cubas, Jose Fernando"]
[Black "Quintiliano Pinto, Renato Rodrigues"]
[Result "1/2-1/2"]
[WhiteElo "2469"]
[BlackElo "2484"]
[PlyCount "81"]
[EventDate "2017.01.06"]
[EventType "swiss"]
[EventRounds "6"]
[EventCountry "BRA"]
[SourceTitle "CBM 176 Extra"]
[Source "ChessBase"]
[SourceDate "2017.03.02"]
[SourceVersion "1"]
[SourceVersionDate "2017.03.02"]
[SourceQuality "1"]

1. e4 c5 2. Nf3 d6 3. d4 cxd4 4. Nxd4 Nf6 5. Nc3 a6 6. f4 e5 7. Nf3 Nbd7 8. a4
Be7 9. Bd3 O-O 10. O-O exf4 11. Kh1 Nc5 12. Bxf4 Bg4 13. Be3 Rc8 14. Qd2 Bh5
15. Nd4 Bg6 16. Nf5 Re8 17. Rae1 Ne6 18. Nxe7+ Qxe7 19. Bf2 Nc5 20. Bxc5 Rxc5
21. Nd5 Nxd5 22. exd5 Qd8 23. Rxe8+ Qxe8 24. Re1 Qd7 25. c4 Rc8 26. Bxg6 hxg6
27. b3 Re8 28. Re3 Kf8 29. Kg1 a5 30. Rxe8+ Qxe8 31. c5 dxc5 32. d6 Qe5 33. d7
Qa1+ 34. Kf2 Qf6+ 35. Ke2 Qe5+ 36. Kd1 Qa1+ 37. Ke2 Qe5+ 38. Kd1 Qa1+ 39. Ke2
Qe5+ 40. Kd1 Qa1+ 41. Ke2 1/2-1/2

[Event "Florianopolis op 3rd"]
[Site "Florianopolis"]
[Date "2017.01.20"]
[Round "1"]
[White "Toth, Peter"]
[Black "Cubas, Jose Fernando"]
[Result "0-1"]
[WhiteElo "2134"]
[BlackElo "2469"]
[PlyCount "94"]
[EventDate "2017.01.20"]
[EventType "swiss"]
[EventRounds "10"]
[EventCountry "BRA"]
[SourceTitle "CBM 176 Extra"]
[Source "ChessBase"]
[SourceDate "2017.03.02"]
[SourceVersion "1"]
[SourceVersionDate "2017.03.02"]
[SourceQuality "1"]

1. Nf3 Nf6 2. g3 g6 3. c4 Bg7 4. Bg2 O-O 5. O-O d6 6. Nc3 e5 7. d3 Nc6 8. a3 h6
9. Rb1 Be6 10. b4 a6 11. b5 axb5 12. cxb5 Ne7 13. e3 Qc8 14. Re1 Bh3 15. Bh1
Ng4 16. d4 Qf5 17. Qb3 exd4 18. e4 Qc5 19. Nd1 Ne5 20. Nxe5 dxe5 21. a4 Be6 22.
Ba3 Qa7 23. Qd3 Rfe8 24. Nb2 c6 25. Rec1 cxb5 26. Qxb5 Nc6 27. Bg2 Rec8 28. Bf1
Na5 29. Bc5 Qa6 30. Qb4 Qc6 31. Bb6 Qxc1 32. Rxc1 Rxc1 33. Kg2 Nc6 34. Qd2 Rc3
35. Bb5 Bb3 36. Nd1 Bxd1 37. Qxd1 Bf6 38. f4 Bd8 39. Bxd8 Rxd8 40. f5 d3 41.
fxg6 fxg6 42. Qg4 Kf7 43. h4 h5 44. Qg5 d2 45. Be2 d1=Q 46. Bxd1 Rxd1 47. Qh6
Rc2+ 0-1